| 000 | 00784nam a2200229 a 4500 | ||
|---|---|---|---|
| 001 | 80094 | ||
| 003 | BD-RjUL | ||
| 005 | 20240701105943.0 | ||
| 008 | 220706s2020 |||||||| |||| 00| 0 ben d | ||
| 020 | _a9847000003836 | ||
| 035 | _a(BD-RjUL)80094 | ||
| 040 |
_aBD-RjUL _beng _cBD-RjUL |
||
| 041 | _aben | ||
| 082 |
_223 _a954.14 _bCHE 2020 |
||
| 100 |
_aচন্দ, রমাপ্রসাদ _94031 |
||
| 245 |
_aইতিহাসে বাঙ্গালী / _cরমাপ্রসাদ চন্দ |
||
| 260 |
_aঢাকা : _bপ্রান্তিকা, _c২০২০ |
||
| 300 |
_a১৭১ পৃ.; _c২২ সেমি. |
||
| 650 |
_aবাংলা (ভারত) _xইতিহাস _91260 |
||
| 650 |
_aBengal (India) _xHistory _91261 |
||
| 942 |
_2ddc _cBK |
||
| 999 |
_c80094 _d80094 |
||